|
|
|
|
| LEADER |
00000nab a2200000 a 4500 |
| 001 |
vtls000276333 |
| 003 |
SK-MaSNL |
| 005 |
20260304075131.0 |
| 008 |
250423c1987 xo 0 slo |
| 015 |
|
|
|a SNBRB19rr/mm-uuuuu
|
| 035 |
|
|
|a CL0286447
|
| 035 |
|
|
|a urn:nbn:sk:snk-abbgut
|
| 035 |
|
|
|a (urnnbn)urn:nbn:sk:snk:ar-00479h
|
| 035 |
|
|
|a (uuid)60e662b0-1c72-4299-a9e5-d13367228d42
|
| 040 |
|
|
|a SNKBUCL
|b slo
|c SNKBUCL
|e AACR2
|
| 041 |
0 |
|
|a slo
|
| 044 |
|
|
|a xo
|c SK
|
| 080 |
|
|
|a 882-2
|2 1981
|
| 100 |
1 |
|
|a Dozorcev, Vladlen Leonidovič,
|d 1939-
|4 aut
|9 229618
|
| 245 |
1 |
0 |
|a Posledný návštevník
|c Vladlen Dozorcev ; Ján Štrasser
|
| 650 |
0 |
7 |
|a divadelné hry
|2 snkbucl
|9 79680
|
| 655 |
|
7 |
|a články z novín a časopisov
|2 snkbucl
|9 267496
|
| 655 |
|
7 |
|a články z odboru literárna veda a krásna literatúra
|2 snkbucl
|9 770045
|
| 700 |
1 |
|
|a Štrasser, Ján,
|d 1946-
|4 trl
|9 93512
|
| 773 |
0 |
|
|t Revue svetovej literatúry
|g Roč. 23, č. 3 (1987), s. 69-90
|
| 850 |
|
|
|a Slovenská národná knižnica
|
| 852 |
|
|
|a Slovenská národná knižnica
|
| 958 |
|
|
|a article15
|
| 958 |
|
|
|a RK
|
| 958 |
|
|
|a LX
|
| 958 |
|
|
|a SU
|
| 958 |
|
|
|a OND
|
| 958 |
|
|
|a EUIPO
|
| 999 |
|
|
|c 2779821
|d 2781751
|